| 000 | 00879nam a2200253Ia 4500 | ||
|---|---|---|---|
| 003 | OSt | ||
| 005 | 20220923211138.0 | ||
| 006 | a|||||r|||| 00| 0 | ||
| 007 | ta | ||
| 008 | 220922b |||||||| |||| 00| 0 hin d | ||
| 020 |
_a8185999724 (hbk) _c350 |
||
| 024 | _a235,629 | ||
| 037 |
_b459, 17/03/2008, University Book House _cTextual |
||
| 040 |
_aARTS _cARTS _bhin |
||
| 041 |
_2hin _ahin |
||
| 082 | _aO152,1N331w, P4 | ||
| 100 |
_aशर्मा, विष्णु चंद्र _9158726 |
||
| 245 | 0 | _aचुप हैं यों | |
| 246 | _aChup haian yoan | ||
| 260 |
_aनई दिल्ली _b स्वराज प्रकाशन _c2004 |
||
| 300 |
_a176पृ. _ccm. |
||
| 942 |
_hO152,1N331w, P4 _cTEXL _2CC |
||
| 999 |
_c295922 _d295922 |
||